Go Vive a tu manera - Statistics

General Stats
  • This quiz has been taken 118 times
  • The average score is 12 of 16
Answer Stats
Picture Answer % Correct
Mía Cáceres
100%
Álvaro Paz
97%
Lupe Paz
96%
Simón
90%
Zoe Caletián
90%
Juanma Portolesi
85%
Mercedes Achával
84%
Gaspar Fontán
82%
Sofia
82%
Ramiro Achával
71%
Agustina
70%
Martín Beltrán
68%
Olivia Andrade
63%
Federico Nacas
46%
Tobias Acera
46%
Nicolás Longo
38%
No matching quizzes found
Score Distribution
Percent of People with Each Score
Percentile by Number Answered
Your Score History
You have not taken this quiz